| 000 | 00327nam a22001331a 4500 | ||
|---|---|---|---|
| 082 |
_a780 _bRUK/S |
||
| 100 | _aRukmini Ramani | ||
| 245 |
_aSapthaswaramalai (part 1: basic lessons)/ _cby Rukmini Ramani |
||
| 260 |
_aChennai: _bSivan Arts Academi, _c2006. |
||
| 300 | _a136p. | ||
| 650 | _aMusic | ||
| 650 | _aArts | ||
| 942 | _cBK | ||
| 999 |
_c40602 _d40602 |
||